| 000 | 00901nam a22002297a 4500 | ||
|---|---|---|---|
| 003 | OSt | ||
| 005 | 20221027163658.0 | ||
| 008 | 221027b |||||||| |||| 00| 0 eng d | ||
| 040 | _cBiblioteca Lado V | ||
| 082 |
_2700.74 _aAB116i |
||
| 100 |
_9216 _aAbad Gomez, Rodrigo _edocumentacion |
||
| 245 |
_aVIII Bienal Internacional Cuenca - Ecuador/ _bSalón Nacional de Arte Iconofilia/ |
||
| 260 |
_aEcuador _bCentro de Documentación de la Bienal de Cuenca _c2004 |
||
| 300 |
_a156p. _c23x26cm |
||
| 650 |
_2Tesauro de Arte & Arquitectura _aBIENAL |
||
| 650 |
_2Tesauro de Arte & Arquitectura _aARTE CONTEMPORANERO |
||
| 650 |
_2Tesauro de Arte & Arquitectura _aPINTURA |
||
| 650 |
_2Tesauro de Arte & Arquitectura _aICONOGRAFIA |
||
| 651 |
_2Tesauro de Arte & Arquitectura _aECUADOR |
||
| 700 |
_aEspinoza Calle, Mercedes _edocumentacion |
||
| 942 |
_2ddc _c1 _h700.74 _iAB116i _n0 |
||
| 999 |
_c2373 _d2373 |
||